[Event "AUTO-OPEN-4020"]
[Site "http://www.queenalice.com/game.php?id=1557622"]
[Date "2019.1.22"]
[Round "1"]
[White "guss"]
[Black "bjonil60"]
[Result "1-0"]
[WhiteElo "2226"]
[BlackElo "1021"]

1. d4 d5 2. c4 c6 3. e3 e6 4. Nf3 Qe7 5. Bd3 Nf6 6. O-O c5 7. cxd5 Nxd5 8. e4
Nb6 9. d5 exd5 10. exd5 Nxd5 11. Bb5+ Bd7 12. Re1 Bxb5 13. Qxd5 b6 14. Qxa8 Kd8
15. Qxb8+ Kd7 16. Qxa7+ Ke8 17. Qb8+ Kd7 18. Qb7+ Kd6 19. Bf4+ Qe5 20. Nxe5 f6
21. Nf7# 1-0

[Event "AUTO-OPEN-4053"]
[Site "http://www.queenalice.com/game.php?id=1569332"]
[Date "2019.4.30"]
[Round "1"]
[White "bjonil60"]
[Black "Sigmund"]
[Result "0-1"]
[WhiteElo "1009"]
[BlackElo "1818"]

1. d4 d5 2. Nf3 Nc6 3. e3 a6 4. Qe2 e6 5. Nc3 Bb4 6. Bd2 Nf6 7. O-O-O O-O 8. a3
Bd6 9. b4 b5 10. g3 e5 11. h3 Re8 12. Bg2 exd4 13. exd4 Rxe2 14. Nxe2 Be6 15. g4
Ne4 16. Be1 h6 17. Nh2 a5 18. Bxe4 axb4 19. Bxb4 Nxb4 20. axb4 Bxb4 21. c3 Ra1+
22. Kd2 Rxd1+ 23. Kxd1 Bxc3 24. Nxc3 dxe4 25. Nxe4 Qxd4+ 26. Nd2 Qa1+ 27. Ke2
Qxh1 28. Nhf3 Qxh3 29. Nd4 Bc4+ 30. Nxc4 bxc4 31. Kd2 Qd3+ 32. Ke1 Qxd4 33. Kf1
c3 34. f3 c2 35. Kg2 c1=Q 36. Kg3 Qe1+ 37. Kh2 Qdg1+ 38. Kh3 Qeg3# 0-1

[Event "AUTO-OPEN-4053"]
[Site "http://www.queenalice.com/game.php?id=1569333"]
[Date "2019.4.30"]
[Round "1"]
[White "Sigmund"]
[Black "bjonil60"]
[Result "1-0"]
[WhiteElo "1824"]
[BlackElo "1013"]

1. e4 Nc6 2. Nf3 e5 3. Bc4 h6 4. a3 Qf6 5. Nc3 d6 6. h3 g6 7. d3 g5 8. Be3 b6 9.
Qe2 Bg7 10. O-O-O a6 11. Bd5 Bb7 12. d4 exd4 13. Nxd4 Nxd4 14. Bxd4 Qg6 15. Qf3
Bxd5 16. Nxd5 Bxd4 17. Rxd4 Rb8 18. Rhd1 h5 19. Nxc7+ Kd7 20. Rxd6+ Qxd6 21.
Rxd6+ Kxd6 22. Nxa6 Rc8 23. Qxf7 Ke5 24. Qf5+ Kd4 25. Qxc8 Kxe4 26. Nc7 g4 27.
Qe6+ Kf4 28. Nd5+ Kg5 29. Qe5+ Kh6 30. Qxh8+ Kg6 31. Qxg8+ Kf5 32. Qe8 Kg5 33.
Qe7+ Kf5 34. Qf6+ Ke4 35. Nc3# 1-0

[Event "AUTO-OPEN-4053"]
[Site "http://www.queenalice.com/game.php?id=1569334"]
[Date "2019.4.30"]
[Round "1"]
[White "bjonil60"]
[Black "Gera"]
[Result "0-1"]
[WhiteElo "1007"]
[BlackElo "1971"]

1. Nf3 d5 2. d4 e6 3. Nc3 c5 4. dxc5 Bxc5 5. b3 Nf6 6. e3 Qc7 7. Qe2 Nc6 8. Qd2
O-O 9. g3 Rd8 10. Na4 Ne4 11. Qd1 Bd6 12. h3 Bd7 13. Nb2 Bb4+ 14. Ke2 Nc3+ 15.
Ke1 Nxd1+ 16. Kxd1 Bc3 17. Rb1 Nb4 18. a3 Bxb2 19. Bxb2 Qxc2+ 20. Ke1 Qxb1+ 21.
Ke2 Qxb2+ 22. Nd2 Bb5+ 23. Ke1 Bxf1 24. Rxf1 Nd3+ 25. Ke2 Qc2 26. b4 Nc1+ 27.
Ke1 Rac8 28. f4 Qd3 29. Rf3 Qe2# 0-1

[Event "AUTO-OPEN-4053"]
[Site "http://www.queenalice.com/game.php?id=1569335"]
[Date "2019.4.30"]
[Round "1"]
[White "Gera"]
[Black "bjonil60"]
[Result "1-0"]
[WhiteElo "1973"]
[BlackElo "1005"]

1. d4 d5 2. c4 c6 3. e3 Nf6 4. Nc3 dxc4 5. Bxc4 e6 6. Nf3 Qe7 7. O-O a6 8. Bd2
b5 9. Bd3 b4 10. Na4 a5 11. Ne5 Nbd7 12. Nxc6 Qd6 13. Bb5 Ne4 14. a3 Bb7 15. Rc1
Bxc6 16. Rxc6 Qd5 17. Nc5 Nexc5 18. Rxc5 Bxc5 19. dxc5 Ke7 20. Qe2 Nxc5 21. Rd1
Rab8 22. Bxb4 Qb3 23. Bxc5+ Kf6 24. Qf3+ Kg6 25. Bd3+ f5 26. Qg3+ Kf6 27. Bd4+
Kf7 28. Qxg7+ Ke8 29. Qxh8+ Kd7 30. Qg7+ Kd6 31. Be5+ Kd5 32. f4 Qxd1+ 33. Kf2
Qxd3 34. Bd4 Kc4 35. Qc7+ Kd5 36. Qc5+ Ke4 37. Qe5# 1-0

[Event "AUTO-OPEN-4053"]
[Site "http://www.queenalice.com/game.php?id=1569336"]
[Date "2019.4.30"]
[Round "1"]
[White "bjonil60"]
[Black "Daniel1962"]
[Result "0-1"]
[WhiteElo "1015"]
[BlackElo "1764"]

1. Nc3 e5 2. e4 Bc5 3. Nf3 d6 4. d3 Nf6 5. h3 Nc6 6. Qe2 Nd4 7. Nxd4 Bxd4 8. f3
Bxc3+ 9. bxc3 O-O 10. Ba3 Qd7 11. d4 exd4 12. cxd4 Qa4 13. Qe3 Qxc2 14. Rg1 c5
15. dxc5 dxc5 16. Bxc5 Rd8 17. Bb4 Be6 18. Bb5 a6 19. Be2 Qb2 20. Bc3 Qa3 21.
Qc1 Qd6 22. Kf2 Nh5 23. g4 Nf4 24. Bf1 Rac8 25. Ke3 Bc4 26. Bxc4 Rxc4 27. Qb2 f6
28. Qb3 b5 29. Rgd1 Nd3 30. a4 Qc5+ 31. Ke2 Qf2# 0-1

[Event "AUTO-OPEN-4053"]
[Site "http://www.queenalice.com/game.php?id=1569337"]
[Date "2019.4.30"]
[Round "1"]
[White "Daniel1962"]
[Black "bjonil60"]
[Result "1-0"]
[WhiteElo "1752"]
[BlackElo "1011"]

1. d4 d5 2. Bf4 e6 3. Nf3 Qe7 4. e3 Nf6 5. Ng5 h6 6. Nf3 g5 7. Be5 Bg7 8. Bd3 c6
9. c4 dxc4 10. Be2 Nbd7 11. Bxc4 a6 12. O-O O-O 13. Nbd2 Ne8 14. Bxg7 Kxg7 15.
Ne4 f5 16. Nc5 Nxc5 17. dxc5 Qxc5 18. Rc1 Qe7 19. Nd4 Qf6 20. Qb3 c5 21. Nxe6+
Bxe6 22. Bxe6 b6 23. Qxb6 Qe5 24. Rxc5 Rb8 25. Qa7+ Kf6 26. Rxe5 Kxe5 27. Qxb8+
Kxe6 28. Rd1 Ke7 29. Qd8+ Kf7 30. Qd7+ Kf6 31. Qc6+ Kg7 32. Rd7+ Kg8 33. Qg6+
Ng7 34. Qxg7# 1-0

[Event "AUTO-BEG-668"]
[Site "http://www.queenalice.com/game.php?id=1599954"]
[Date "2020.2.18"]
[Round "1"]
[White "bjonil60"]
[Black "vasyl_puzanov"]
[Result "0-1"]
[WhiteElo "1021"]
[BlackElo "1152"]

1. Nf3 d5 2. d4 Nf6 3. e3 e6 4. Qe2 Bd6 5. c3 O-O 6. Qd3 h6 7. Be2 a6 8. O-O c5
9. b3 Nc6 10. a3 Bd7 11. c4 Ne4 12. Nfd2 f5 13. Nxe4 fxe4 14. Qd2 Qh4 15. cxd5
Qxh2# 0-1

[Event "AUTO-BEG-668"]
[Site "http://www.queenalice.com/game.php?id=1599955"]
[Date "2020.2.18"]
[Round "1"]
[White "vasyl_puzanov"]
[Black "bjonil60"]
[Result "1-0"]
[WhiteElo "1232"]
[BlackElo "1010"]

1. e4 Nc6 2. d4 d5 3. e5 e6 4. Nf3 Qe7 5. c3 f6 6. exf6 Qxf6 7. Bb5 Bd7 8. Bg5
Qf7 9. Bxc6 Bxc6 10. O-O h6 11. Bh4 g5 12. Bg3 g4 13. Ne5 Qg7 14. Nxc6 bxc6 15.
Qa4 Qd7 16. Be5 Rh7 17. Nd2 h5 18. Rae1 Bh6 19. Nb3 a6 20. Nc5 Qf7 21. Qxc6+ Ke7
22. Bxc7 Rf8 23. Be5 Qg6 24. Qd7# 1-0

[Event "AUTO-OPEN-4142"]
[Site "http://www.queenalice.com/game.php?id=1601544"]
[Date "2020.3.3"]
[Round "1"]
[White "Asspain"]
[Black "bjonil60"]
[Result "1-0"]
[WhiteElo "2171"]
[BlackElo "997"]

1. e4 d5 2. exd5 Qxd5 3. Nc3 Qd8 4. d4 Nf6 5. Nf3 e6 6. Bd3 Qe7 7. O-O g6 8. Bg5
h6 9. Bxf6 Qxf6 10. Ne4 Qg7 11. c3 f5 12. Nc5 Bxc5 13. dxc5 c6 14. Qc2 b6 15.
cxb6 axb6 16. Nd4 c5 17. Bb5+ Ke7 18. Nc6+ Nxc6 19. Bxc6 Rb8 20. Rad1 Rd8 21.
Rxd8 Kxd8 22. Qd3+ Bd7 23. Rd1 Kc8 24. Qa6+ Kd8 25. Rxd7+ Qxd7 26. Bxd7 Kxd7 27.
Qd3+ Kc6 28. a3 h5 29. f4 Rb7 30. Qf3+ Kb5 31. Qxb7 h4 32. b3 Ka5 33. Qa8+ Kb5
34. Qa4# 1-0

[Event "AUTO-OPEN-4142"]
[Site "http://www.queenalice.com/game.php?id=1601545"]
[Date "2020.3.3"]
[Round "1"]
[White "bjonil60"]
[Black "Asspain"]
[Result "0-1"]
[WhiteElo "1003"]
[BlackElo "2187"]

1. e4 c6 2. Qe2 d5 3. d4 dxe4 4. Qxe4 Nf6 5. Qd3 g6 6. Nf3 Bg7 7. Ne5 Nbd7 8.
Nxd7 Bxd7 9. f3 Qc7 10. g3 O-O-O 11. Nc3 Bf5 12. Qd2 e5 13. dxe5 Rxd2 14. Bxd2
Nd5 15. Nxd5 cxd5 16. f4 Be4 17. Rg1 Qc5 18. c3 Qxg1 19. h4 Bf3 20. b4 Qxg3# 0-1

[Event "AUTO-OPEN-4142"]
[Site "http://www.queenalice.com/game.php?id=1601568"]
[Date "2020.3.3"]
[Round "1"]
[White "junipero"]
[Black "bjonil60"]
[Result "1-0"]
[WhiteElo "1952"]
[BlackElo "1001"]

1. d4 d5 2. c4 Nc6 3. e3 e5 4. dxe5 Nxe5 5. cxd5 Nf6 6. Nc3 a6 7. Nf3 Nxf3+ 8.
Qxf3 Bg4 9. Qf4 Bd6 10. Qd4 h5 11. f3 Bd7 12. e4 Nh7 13. Qxg7 Ke7 14. Bg5+ Nxg5
15. Qxg5+ f6 16. Qg7+ Ke8 17. Qxh8+ Bf8 18. Qxh5+ Ke7 19. Bc4 Be8 20. Qh7+ Bf7
21. d6+ cxd6 22. Qxf7# 1-0

[Event "AUTO-OPEN-4142"]
[Site "http://www.queenalice.com/game.php?id=1601569"]
[Date "2020.3.3"]
[Round "1"]
[White "bjonil60"]
[Black "junipero"]
[Result "0-1"]
[WhiteElo "999"]
[BlackElo "1980"]

1. d4 d5 2. Nf3 e6 3. e3 Nf6 4. Qe2 c5 5. Qd3 c4 6. Qc3 Ne4 7. Bxc4 Nxc3 8. bxc3
Nc6 9. O-O dxc4 10. Ba3 Bxa3 11. Nxa3 Qa5 12. Nb1 O-O 13. g3 b5 14. Nbd2 Qxc3
15. Rfc1 e5 16. dxe5 Nxe5 17. Nxe5 Qxe5 18. Nf3 Qe4 19. Nd2 Qd5 20. Rd1 Bh3 21.
e4 Qc6 22. f3 c3 23. Nb1 Rad8 24. Re1 Rd7 25. Na3 Rd2 26. g4 Rg2+ 27. Kh1 Rf2
28. Kg1 Rxf3 29. e5 Rf1+ 30. Rxf1 Qg2# 0-1

[Event "AUTO-OPEN-4142"]
[Site "http://www.queenalice.com/game.php?id=1601584"]
[Date "2020.3.3"]
[Round "1"]
[White "bjonil60"]
[Black "APSHOOTER"]
[Result "0-1"]
[WhiteElo "995"]
[BlackElo "1495"]

1. c4 e5 2. Nc3 Nf6 3. e4 a6 4. Nf3 d6 5. Qe2 Bg4 6. d3 h6 7. h3 Bh5 8. g4 Bg6
9. b3 Nbd7 10. Bb2 c6 11. a3 Be7 12. b4 b5 13. cxb5 axb5 14. a4 O-O 15. axb5 c5
16. g5 hxg5 17. Rg1 Nh5 18. Nd5 Nf4 19. Nxf4 gxf4 20. Rb1 Ra2 21. Ra1 Rxa1+ 22.
Bxa1 Qa8 23. Bb2 cxb4 24. d4 Bxe4 25. Bg2 Nb6 26. dxe5 dxe5 27. Bxe5 b3 28. Nd2
Bxg2 29. h4 Qa1+ 30. Bxa1 Re8 31. Qg4 Bf6+ 32. Ne4 Bxa1 33. Rxg2 Rxe4+ 34. Kd1
g6 35. f3 Rd4+ 36. Kc1 b2+ 37. Kb1 Rd1+ 38. Ka2 b1=Q+ 39. Ka3 Rd3# 0-1

[Event "AUTO-OPEN-4142"]
[Site "http://www.queenalice.com/game.php?id=1601585"]
[Date "2020.3.3"]
[Round "1"]
[White "APSHOOTER"]
[Black "bjonil60"]
[Result "1-0"]
[WhiteElo "1503"]
[BlackElo "989"]

1. e4 e5 2. Bc4 c6 3. Nf3 Qe7 4. Nc3 Nf6 5. h3 h5 6. a3 a6 7. d3 b6 8. Bg5 b5 9.
Ba2 b4 10. axb4 d6 11. Qd2 c5 12. Bxf6 Qxf6 13. Nd5 Qd8 14. Ng5 f6 15. Nf3 Nc6
16. bxc5 dxc5 17. Bc4 Ne7 18. O-O Nxd5 19. Bxd5 Rb8 20. b3 f5 21. Rfe1 Bd6 22.
exf5 Bxf5 23. Rxa6 Qc8 24. Rxd6 Ke7 25. Rc6 Qd7 26. Qg5+ Kf8 27. Rxe5 Re8 28.
Rxe8+ Kxe8 29. Ne5 Qxd5 30. Qxf5 h4 31. Rc8+ Ke7 32. Rxh8 Qd4 33. Nc6+ Kd6 34.
Rd8+ Kxc6 35. Rxd4 cxd4 36. g4 hxg3 37. fxg3 Kd6 38. Qg6+ Kc5 39. Qxg7 Kd5 40.
b4 Kc6 41. h4 Kb5 42. h5 Kxb4 43. Qxd4+ Ka3 44. Qb6 Ka4 45. h6 Ka3 46. h7 1-0

[Event "AUTO-BEG-669"]
[Site "http://www.queenalice.com/game.php?id=1605912"]
[Date "2020.4.4"]
[Round "1"]
[White "Fagundes"]
[Black "bjonil60"]
[Result "1-0"]
[WhiteElo "1428"]
[BlackElo "1007"]

1. e4 d5 2. d3 Nf6 3. e5 Nfd7 4. d4 Nc6 5. Bb5 a6 6. Bxc6 bxc6 7. Qf3 f6 8. exf6
Nxf6 9. Ne2 g6 10. Bg5 Nd7 11. Nf4 Bg7 12. Ne6 Nf8 13. Nxd8 Kxd8 14. O-O Ne6 15.
Be3 Bf6 16. Nd2 h6 17. Nb3 a5 18. a4 g5 19. c3 Bb7 20. Nc5 Nxc5 21. dxc5 Rf8 22.
Rfe1 Ba6 23. Bd4 Bg7 24. Qe3 Re8 25. Bxg7 Rg8 26. Qxe7+ Kc8 27. Qe6+ Kb7 28.
Qxh6 g4 29. Re6 Bc4 30. Rxc6 Rac8 31. Ra6 Bxa6 32. b4 axb4 33. cxb4 Bc4 34. b5
d4 35. Qa6+ Kb8 36. c6 Rxg7 37. Qb7# 1-0

[Event "AUTO-BEG-669"]
[Site "http://www.queenalice.com/game.php?id=1605913"]
[Date "2020.4.4"]
[Round "1"]
[White "bjonil60"]
[Black "Fagundes"]
[Result "0-1"]
[WhiteElo "991"]
[BlackElo "1412"]

1. e4 e5 2. d4 Bd6 3. Nf3 exd4 4. Nxd4 Nf6 5. Qe2 Bc5 6. Qd3 Nc6 7. Nxc6 bxc6 8.
f3 O-O 9. Nc3 Re8 10. b3 d5 11. g3 Bb7 12. a3 a5 13. Bg2 Ba6 14. Qd2 h6 15. g4
Nh7 16. Rb1 Qh4+ 17. Kd1 dxe4 18. Qe1 Bf2 19. Qe2 Bxe2+ 20. Nxe2 Rad8+ 21. Bd2
exf3 22. Bxf3 Qg5 23. Kc1 Qxd2+ 24. Kb2 Rxe2 25. Bxe2 Qxe2 26. h3 Rd2 27. Rhc1
Bd4+ 28. Ka2 Rxc2+ 29. Rxc2 Qxc2+ 30. Rb2 Qxb2# 0-1

[Event "AUTO-BEG-669"]
[Site "http://www.queenalice.com/game.php?id=1605926"]
[Date "2020.4.4"]
[Round "1"]
[White "Gael"]
[Black "bjonil60"]
[Result "0-1"]
[WhiteElo "1056"]
[BlackElo "1005"]

1. c4 d6 2. Qa4+ Bd7 3. Qd1 Na6 4. Na3 c6 5. d4 b6 6. e4 f5 7. Qh5+ g6 8. Qg5
Nf6 9. exf5 Bxf5 10. Nh3 Ne4 11. Qf4 e5 12. dxe5 dxe5 13. Qxe5+ Qe7 14. Qd4 c5
15. Qd3 Nxf2+ 16. Kxf2 Bxd3 17. Nf4 Bxf1 18. Rxf1 g5 19. Nd5 Qd8 20. Re1+ Kf7
21. Nb5 Bd6 22. Bxg5 Qb8 23. Re4 Bxh2 24. Re7+ Kg6 25. Rae1 Kxg5 26. R7e5+ Kh6
27. R1e4 Bxe5 28. Rh4+ Kg5 29. g3 Bxg3+ 30. Kg2 Bxh4 31. Nbc3 Re8 32. Kh3 Qg3#
0-1

[Event "AUTO-BEG-669"]
[Site "http://www.queenalice.com/game.php?id=1605927"]
[Date "2020.4.4"]
[Round "1"]
[White "bjonil60"]
[Black "Gael"]
[Result "1-0"]
[WhiteElo "987"]
[BlackElo "1076"]

1. d4 c5 2. d5 g6 3. Nc3 Na6 4. a3 Bh6 5. Nf3 Qc7 6. Nb5 d6 7. Nxc7+ Nxc7 8. c4
Nf6 9. h3 O-O 10. e3 Bf5 11. g4 Nxg4 12. hxg4 Bxg4 13. Be2 Bxf3 14. Bxf3 Bg5 15.
b3 Na6 16. e4 Bf6 17. Rb1 Bc3+ 18. Bd2 Bd4 19. Be3 Nb4 20. axb4 Rac8 21. Bxd4 f6
22. Bh5 cxd4 23. Be2 h5 24. Qxd4 g5 25. Rxh5 Rf7 26. Qxa7 Rff8 27. Qxb7 Kg7 28.
Ra1 Rb8 29. Qxe7+ Kg8 30. Qh7# 1-0

[Event "AUTO-BEG-669"]
[Site "http://www.queenalice.com/game.php?id=1605934"]
[Date "2020.4.4"]
[Round "1"]
[White "Tenor"]
[Black "bjonil60"]
[Result "1-0"]
[WhiteElo "1482"]
[BlackElo "1023"]

1. e4 d5 2. e5 Be6 3. Nf3 h6 4. d4 Nc6 5. Bb5 a6 6. Bxc6+ Bd7 7. Bxb7 Ra7 8.
Bxd5 e6 9. Bb3 c6 10. Be3 f6 11. d5 cxd5 12. Bxa7 Qc7 13. Bd4 fxe5 14. Bxe5 Bd6
15. Bxg7 Rh7 16. Bd4 Bb4+ 17. Bc3 Bd6 18. Qd3 Bb5 19. Qg6+ Kf8 20. g3 Re7 21.
Nd4 Bd7 22. O-O Be8 23. Qd3 Nf6 24. Qxa6 Ne4 25. Qd3 Bg6 26. Nd2 Nxd2 27. Qxd2
e5 28. Nb5 Qb6 29. Qxd5 Qd8 30. Nxd6 Bf7 31. Qc5 Bxb3 32. axb3 Kg8 33. Bxe5 Re6
34. Qd5 Qe7 35. Nf5 Qf7 36. Ra8+ Kh7 37. Qe4 Qd7 38. Rh8+ Kg6 39. Nxh6+ Kg5 40.
Qg4# 1-0

[Event "AUTO-BEG-669"]
[Site "http://www.queenalice.com/game.php?id=1605935"]
[Date "2020.4.4"]
[Round "1"]
[White "bjonil60"]
[Black "Tenor"]
[Result "0-1"]
[WhiteElo "993"]
[BlackElo "1435"]

1. Nc3 d5 2. d4 e6 3. e3 Nc6 4. Nh3 Nh6 5. Qe2 e5 6. dxe5 Nxe5 7. f3 c6 8. f4
Bg4 9. Qd2 Nc4 10. Qf2 Qf6 11. Qg3 Bb4 12. Bd2 Nxb2 13. Nb1 Nd3+ 14. cxd3 Qxa1
15. Bxb4 Qxb1+ 16. Kf2 Qxa2+ 17. Kg1 O-O-O 18. Nf2 Be2 19. Bxe2 Qxe2 20. h3 g6
21. Kh2 b6 22. h4 Nf5 23. Qh3 Qxf2 24. e4 dxe4 25. dxe4 Qe3 26. g3 Qxe4 27. Ba3
Rd2+ 28. Kg1 Qe3+ 29. Kf1 Qf2# 0-1

[Event "AUTO-BEG-682"]
[Site "http://www.queenalice.com/game.php?id=1794345"]
[Date "2022.8.15"]
[Round "1"]
[White "ookla1"]
[Black "bjonil60"]
[Result "1-0"]
[WhiteElo "1129"]
[BlackElo "1018"]

1. e4 Nc6 2. Nc3 e6 3. Nf3 Qe7 4. Nb5 a6 5. Nc3 f6 6. d3 g6 7. Be2 e5 8. O-O Na7
9. Nd5 Qd8 10. b3 b5 11. a3 c6 12. Nc3 Qe7 13. b4 g5 14. h3 Bh6 15. d4 d6 16. d5
c5 17. bxc5 Qc7 18. c6 Ne7 19. Bd2 Bg7 20. Bd3 O-O 21. Ne2 Bh6 22. c4 bxc4 23.
Bxc4 a5 24. a4 f5 25. Nxg5 Bxg5 26. Bxg5 Ng6 27. g3 fxe4 28. Qd2 Rf5 29. Bh6 Qf7
30. Qc2 Rh5 31. Qd2 Rf5 32. Nc3 Qf6 33. Nxe4 Qe7 34. Rab1 Rh5 35. Be2 Bf5 36.
Bxh5 Bxe4 37. Rb7 Qe8 38. Qg5 Nc8 39. Rg7+ Kh8 40. Qf6 Ra7 41. Re7+ Kg8 42. Qg7#
1-0

[Event "AUTO-BEG-682"]
[Site "http://www.queenalice.com/game.php?id=1794346"]
[Date "2022.8.15"]
[Round "1"]
[White "bjonil60"]
[Black "ookla1"]
[Result "0-1"]
[WhiteElo "1031"]
[BlackElo "1116"]

1. Nf3 d6 2. d3 e5 3. e4 Nc6 4. Qe2 h6 5. Be3 Nf6 6. c3 Be7 7. Nbd2 b6 8. O-O-O
O-O 9. h3 b5 10. c4 b4 11. b3 a5 12. Nh2 Bd7 13. g3 Nd4 14. Bxd4 exd4 15. g4 c6
16. Bg2 c5 17. Ndf3 a4 18. Nd2 Ra6 19. Nb1 a3 20. Nf3 Be6 21. Nh2 d5 22. exd5
Bd7 23. f4 Re8 24. Qf3 Bd6 25. Nd2 Re3 26. Qf1 Qb8 27. Qf2 Rxd3 28. Bf1 Rc3+ 29.
Kb1 Bxf4 30. Nhf3 Ba4 31. bxa4 b3 32. axb3 Rb6 33. Nh4 Bg3 34. Qe2 Bxh4 35. Nf3
Rbxb3+ 36. Ka1 Rxf3 37. Bg2 Rfe3 38. Qf1 Rb2 39. Qg1 Ree2 40. Bf3 Ra2# 0-1